000 01112nam0a2200277 4500
001 RU\NLR\bibl\1378636
005 20260407172430.0
035 _a(NLR Aleph) 001370736
090 _a1040035
_c1040035
100 _a20090608d1913 |||y0rusy50 ca
101 0 _arus
102 _aRU
105 _ay |||||||||
200 1 _aПравила и обычаи, принятые на яхтах Императорского Речного Яхт-Клуба
_e(утверждены Комитетом 22 апреля 1913 г.)
_fИмп. реч. яхт-клуб
210 _aС.-Петербург
_cСеверная Печатня
_d1913
215 _a16 с.
_d22
313 _aфлаги сигналы приветствия
606 1 _aЯхты
_jНормативные документы
_91829962
_3RU\NLR\auth\66827365
686 _aО425.62я8
686 _aО478.3я8
710 0 2 _4070
_aСанкт-Петербургский речной яхт-клуб
_3RU\NLR\AUTH\8810109140
_9718451
801 0 _aRU
_bNLR
_c20090608
_gRCR
801 1 _aRU
_bNLR
_c20090608
942 _cBOOK
980 _aNB